Online
Catalog

Depósito centralizado de valores / (Record no. 47501)

MARC details
000 -CABECERA
campo de control de longitud fija 02117nam a2200229 a 4500
001 - NÚMERO DE CONTROL
campo de control 000048013
005 - FECHA Y HORA DE LA ÚLTIMA TRANSACCIÓN
campo de control 20201002060850.0
008 - DATOS DE LONGITUD FIJA--INFORMACIÓN GENERAL
campo de control de longitud fija 181015s2006 dr 000 m spa d
040 ## - FUENTE DE LA CATALOGACIÓN
Centro catalogador/agencia de origen DO-SdBNP
Lengua de catalogación spa
Centro/agencia transcriptor BNPHU
082 ## - NÚMERO DE LA CLASIFICACIÓN DECIMAL DEWEY
Número de clasificación xxxx
Número de documento/Ítem R426d
110 2# - ENTRADA PRINCIPAL--NOMBRE DE ENTIDAD CORPORATIVA
Nombre de entidad corporativa o nombre de jurisdicción como elemento de entrada República Dominicana.
Unidad subordinada Superintendencia de Valores.
9 (RLIN) 14843
245 10 - MENCIÓN DE TÍTULO
Título Depósito centralizado de valores /
Mención de responsabilidad, etc. responsables Fe Cristina Batista, Virginia Linares ; cuidado de edición Angela Torres, Ingrid Soñé.
260 ## - PUBLICACIÓN, DISTRIBUCIÓN, ETC.
Lugar de publicación, distribución, etc. Santo Domingo :
Nombre del editor, distribuidor, etc. SIV. Dirección de Promoción y Difusión,
Fecha de publicación, distribución, etc. 2006.
300 ## - DESCRIPCIÓN FÍSICA
Extensión 63 p. ;
Dimensiones 23 cm.
490 1# - MENCIÓN DE SERIE
Mención de serie Estudios
Designación de volumen o secuencia 1
505 0# - NOTA DE CONTENIDO CON FORMATO
Nota de contenido con formato Presentación --
Título Ley del mercado de valores No. 19-00 --
-- Reglamento de la ley del mercado de valores No. 729-04 --
-- CNV-2002-01-BV: norma para las bolsas de valores que establece los requisitos de autorización para inscribirse en el registro de mercado de valores --
-- CNV-2005-03-MV: norma que establece los derechos por concepto de registro de emisiones y de participantes en el registro del mercado de valores y productos --
-- CNV-2005-04-EV: norma sobre los requisitos de autorización e inscripción en el registro de la oferta pública de valores --
-- CNV-2005-05-EV: anexo A, B y C --
-- CNV-2005-07-AF: norma para los fondos mutuos o los fondos cerrados de inversión que establece los requisitos de autorización para inscribirse en el registro de mercado de valores y productos --
-- CNV-2005-09-DC: norma para el depósito centralizado de valores que establece los requisitos de autorización para operar e inscribirse en el registro del mercado de valores y productos --
-- Bolsa de valores ofreciendo servicios de depositarios --
-- CNV-2005-10-IV: norma para los intermediarios de valores que establece disposiciones para su funcionamiento --
-- CNV-2005-11-FM: norma para las administradoras de fondos mutuos que establece disposiciones para su funcionamiento y para la administración de sus fondos.
590 ## - NOTA LOCAL (RLIN)
Nota local Inventariado, 2019/LP
700 1# - PUNTO DE ACCESO ADICIONAL--NOMBRE DE PERSONA
Nombre de persona Batista, Fe Cristina.
9 (RLIN) 75514
700 1# - PUNTO DE ACCESO ADICIONAL--NOMBRE DE PERSONA
Nombre de persona Torres, Angela.
9 (RLIN) 75515
700 1# - PUNTO DE ACCESO ADICIONAL--NOMBRE DE PERSONA
Nombre de persona Soñé, Ingrid.
9 (RLIN) 75516
830 #0 - PUNTO DE ACCESO ADICIONAL DE SERIE-TÍTULO UNIFORME
Título uniforme Estudios
Número de parte o sección de la obra 1
9 (RLIN) 13150
Holdings
Estado de retiro Estado de pérdida No para préstamo Código de colección Localización permanente Ubicación/localización actual Ubicación en estantería Fecha de adquisición Número de inventario Total de préstamos Signatura topográfica completa Código de barras Fecha visto por última vez Precio válido a partir de Tipo de ítem Koha
    Excluido de préstamo Patrimonio Dominicano Patrimonio Dominicano Patrimonio Dominicano Depósito 15.10.2018 LF1   xxxx R426d 48013-10 25.06.2020 25.06.2020 Libro y Folleto Colección Patrimonio Dominicano
    Excluido de préstamo Patrimonio Dominicano Patrimonio Dominicano Patrimonio Dominicano Depósito 15.10.2018 LF1   xxxx R426d 48014-10 25.06.2020 25.06.2020 Libro y Folleto Colección Patrimonio Dominicano

Powered by Koha